| 000 | 00369nam a2200145Ia 4500 | ||
|---|---|---|---|
| 008 | 150201s1998 xx 000 0 und d | ||
| 082 |
_a610.7368 _bC98G |
||
| 100 | _aGOLD, CAROL A. | ||
| 245 | _aCONTMPRORARY PSYCHIATRIC MENTAL HEALTH NURSING | ||
| 250 | _a1ST | ||
| 260 |
_bLIB. OF CONGRESS _aU.S.A. _c1998 |
||
| 300 | _a705 | ||
| 650 | _aPSYCHIATRY | ||
| 942 |
_2ddc _cBK |
||
| 999 |
_c2217 _d2217 |
||